Programación en delphi /

Guardado en:
Autor Principal: Cornell, Gary
Otros Autores: Strain, Troy
Formato: Libro
Publicado: Madrid : Mcgraw-hill , 1995
Series:Serie Mcgraw-hill de informática
Materias:
Etiquetas: Agregar Etiqueta
Sin Etiquetas, Sea el primero en etiquetar este registro!
LEADER 01116nam a22002295a 4500
001 CEM.cems009830
005 20080703123323.0
008 130507s1995##################000#0#####d
003 CEMS
020 |a 8448103394 
082 0 4 |a 001.6424 
100 1 |a Cornell, Gary 
245 1 0 |a Programación en delphi /  |c Gary Cornell, Troy Strain 
260 |a Madrid :  |b Mcgraw-hill ,  |c 1995 
300 |a 275 p. 
490 0 |a Serie Mcgraw-hill de informática 
505 0 |a El entorno de programación Delphi -- Diseño de un formulario: componentes, menús y sucesos -- Principios de la programación en Delphi -- Técnicas de programación avanzadas -- Objetos -- Manejo de errores y excepciones -- Herramientas y técnicas de verificación y depuración -- Archivos -- Comunicación con otras aplicaciones de Windows -- Gráficos -- Características avanzadas de la interfaz de usuario -- Visión general de las características de bases de datos 
653 |a Computación 
653 |a Informática 
653 |a Programación delphi 
700 1 |a Strain, Troy 
859 |a CEMS  |b BIB. CEMS - 11 de abril  |h 001.6424  |i C665  |p 20087.98  |t Ej.1